Historia por Letra - J - Estadísticas

Estadísticas generales
  • Esta prueba ha sido intentada 8.703 veces
  • La puntuación promedio es 9 de 17
Estadísticas de respuestas
Pista Respuesta % Correcto
El mesías cristiano Jesús
99%
El país que atacó Pearl Harbor en Hawái Japón
96%
El período geológico después del Triásico Jurásico
89%
Una campesina que era una líder militar francesa Juana de Arco
80%
El asesino en serie no identificado del Londres victoriano Jack el Destripador
77%
Ciudad que fue conquistada por los cruzados en 1099 Jerusalén
64%
Piedra preciosa que fue usada para hacer los trajes de entierro de los emperadores chinos Jade
62%
El Papa polaco que fue elegido en 1978 Juan Pablo II
61%
Calendario que se usó en Europa entre 45 a.C. y 1582 d.C. Calendario {Juliano}
42%
La esposa de Napoleón Josefina
42%
Escritor de la Declaración de Independencia de los Estados Unidos Thomas Jefferson
39%
El estado cliente romano que fue dirigido por el Rey Herodes Judea
36%
El emperador bizantino que reconquistó Italia Justiniano
33%
El rey inglés que encargó una Biblia en 1604 Jacobo I
20%
Imperio cuya capital fue Angkor entre 802 y 1431 Jemer
20%
El Presidente de los Estados Unidos que quería una "Gran Sociedad" Lyndon B. Johnson
18%
Compositor de Ragtime de "The Entertainer" Scott Joplin
9%
No se encontraron pruebas coincidentes
Distribución de puntuación
Porcentaje de gente con cada puntuación
Porcentaje por número respondido
Historial de tus puntuaciones
No has intentado esta prueba.